000
00420nam a2200169Ia 4500
008
090123s9999 xx 000 0 und d
082
_b
16680
100
_a
इचनुर शांता
245
_a
सहना
250
_a
0
300
_a
148
600
_a
इचनुर शांता
630
_a
सहना
700
_a
इचनुर शांता
730
_a
सहना
942
_c
BOOK
999
_c
54744
_d
54744